000 00703nam a2200289Ia 4500
005 20260324113043.0
008 008 260324s9999 xx 000 0 eng d
020 _a9781003541462
037 _aEBOOK
040 _aCRL
040 _beng
040 _cCRL
041 _2eng
041 _aeng
084 _qCRL
100 _aMichael Hehenberger
_91145229
245 0 _aIn the Shadow of Animals
245 0 _bWhat Sapiens Can Learn by Studying Other Living Beings
260 _bTaylor and Francis
260 _c2024
365 _a
365 _b160
856 _uhttp://www.taylorfrancis.com/books/9781003541462
942 _cEBOOK
999 _c1734678
_d1734678